Statistiques concernant - Prénoms féminins les plus donnés en 1916 -

Cliquez ici pour prendre le quiz!

Statistiques générales

  • Ce quiz a été pris 1,208 fois
  • Le résultat moyen est 72 sur 100

Statistiques - réponses

Position 1ère Lettre Prénom % Correct
1MMarie
99%
2JJeanne
98%
86JJulie
93%
33YYvette
93%
20AAnne
92%
5YYvonne
92%
8LLouise
91%
38FFrançoise
90%
26JJuliette
88%
51PPaule
88%
28LLucie
87%
17HHenriette
86%
3MMadeleine
86%
4MMarguerite
86%
64PPauline
85%
11PPaulette
85%
41RRose
84%
83IIsabelle
84%
45CCharlotte
83%
15GGeorgette
83%
25MMaria
83%
9GGermaine
82%
29TThérèse
82%
21HHélène
81%
53CCatherine
81%
39EElisabeth
81%
14SSimone
81%
13DDenise
81%
66EEmilie
81%
69BBernadette
80%
44EElisé
80%
82JJeannine
79%
12RRaymonde
79%
22AAlice
79%
10LLucienne
79%
18OOdette
78%
42JJacqueline
78%
7MMarcelle
77%
35AAnna
77%
6SSuzanne
77%
73CCamille
75%
27JJoséphine
75%
60MMathilde
75%
93MMicheline
75%
70PPierrette
74%
92OOdile
73%
30GGabrielle
73%
24GGeneviève
73%
23FFernande
73%
19MMarthe
73%
59FFrancine
73%
32AAntoinette
72%
95MMauricette
72%
58LLéonie
71%
63CChristiane
71%
61CClaire
71%
75EEmma
70%
56GGisèle
70%
47CCécile
70%
80CColette
69%
48AAugustine
69%
31BBerthe
69%
62LLéa
69%
36EEmilienne
68%
43SSolange
68%
85JJulia
67%
100YYolande
67%
68MMireille
66%
46FFrance
66%
34EEugénie
66%
52AAlbertine
65%
84AAmélie
65%
71LLéontine
65%
57BBlanche
65%
49IIrène
64%
54JJulienne
62%
40AAngèle
61%
90EErnestine
61%
16SSimonne
60%
37GGilberte
60%
72AAline
60%
78RRolande
60%
98CClémence
58%
87VVictorine
57%
96EEliane
57%
77OOlga
57%
91RRosalie
57%
88LLucette
57%
99AAlphonsine
56%
74AAndréa
55%
50MMarie-Louise
54%
81MMarie-Thérèse
53%
67RReine
52%
79AAgnès
51%
76AAugusta
50%
97EEdith
50%
65AAimée
49%
94CClotilde
43%
89CCarmen
40%
55AAdriène
38%

Distribution des résultats

Percentile by Number Answered

% des personnes avec chaque résultat

Votre développement - résultats

Vous n’avez pas pris ce quiz